000 00447nam a2200157 i 4500
001 79300
003 ES-MaACL
005 20230906173941.0
007 t|
008 041020s1968 sp ||||1| spa d
110 2 _aHermanos de las escuelas cristianas.
_94572
245 1 0 _aReglas y constituciones
_b: 39ª capítulo general, 1966-1967.
260 _a[S.l. :
_bs.n.,
_c1968]
300 _a2 v. ;
_c18 cm.
852 _aES-MaACL
_jC-34257-8
_bR.65294
999 _c79300
_d79300